[Event "Pohár mìsta Øíèany 2018"]
[Site "Øíèany"]
[Date "2018.08.30"]
[Round "7.26"]
[White "Lhotska, Anna"]
[Black "Havelka, Petr"]
[Result "1/2-1/2"]
[WhiteElo "1770"]
[BlackElo "1847"]
[PlyCount "56"]
[EventDate "2018.??.??"]

1. d4 d5 2. Bf4 Nf6 3. e3 Bf5 4. c4 c6 5. Qb3 Qb6 6. c5 Qxb3 7. axb3 Nbd7 8. b4
Nh5 9. Bc7 Bxb1 10. Rxb1 Rc8 11. Bg3 Nxg3 12. hxg3 a6 13. Bd3 g6 14. Nf3 Bg7
15. Kd2 e5 16. Be2 O-O 17. Rh3 exd4 18. Nxd4 Rce8 19. Rbh1 h6 20. g4 Nf6 21. f3
Ra8 22. Ra1 Nh7 23. Bd3 Rfe8 24. Ra2 Ng5 25. Rh1 Ne6 26. Nxe6 Rxe6 27. b5 cxb5
28. Bxb5 Rd8 1/2-1/2

[Event "Pohár mìsta Øíèany 2018"]
[Site "Øíèany"]
[Date "2018.08.30"]
[Round "7.27"]
[White "Vit, Zdenek"]
[Black "Barton, Milan"]
[Result "1-0"]
[WhiteElo "1692"]
[BlackElo "1790"]
[PlyCount "103"]
[EventDate "2018.??.??"]

1. e4 e5 2. Nf3 Nc6 3. Bc4 Bc5 4. c3 Qe7 5. O-O d6 6. d4 Bd7 7. dxc5 dxc5 8.
Bg5 Nf6 9. Qe2 O-O 10. Nbd2 Na5 11. Rfd1 Bg4 12. Bd3 c6 13. h3 Bh5 14. Nf1 b5
15. Ng3 Bg6 16. Nh4 h6 17. Nhf5 Qe6 18. Be3 Nb7 19. Bc2 a5 20. b3 Rfe8 21. Rd2
Rad8 22. Rad1 Rxd2 23. Rxd2 a4 24. Qd1 axb3 25. axb3 c4 26. Nd6 Nxd6 27. Rxd6
Qe7 28. b4 Qb7 29. Rd8 Qe7 30. Rxe8+ Qxe8 31. f3 Nh5 32. Nxh5 Bxh5 33. Qa1 f6
34. f4 exf4 35. Bxf4 Bg6 36. Qb1 Qe6 37. Kf2 Bf7 38. Qd1 g5 39. Be3 Kg7 40. Bc5
Qe5 41. Qf3 Bg6 42. Bd4 Qe6 43. Qe2 h5 44. e5 f5 45. g4 hxg4 46. hxg4 f4 47.
Kf3 Bf7 48. Bf5 Qh6 49. e6+ Kf8 50. exf7 Qh3+ 51. Kf2 Qg3+ 52. Kf1 1-0

[Event "Pohár mìsta Øíèany 2018"]
[Site "Øíèany"]
[Date "2018.08.30"]
[Round "7.28"]
[White "Ruzicka, Vaclav"]
[Black "Stork, Rostislav"]
[Result "1/2-1/2"]
[WhiteElo "1642"]
[BlackElo "1779"]
[PlyCount "44"]
[EventDate "2018.??.??"]

1. d4 d5 2. Bf4 Nf6 3. e3 e6 4. Nd2 b6 5. Ngf3 Bb7 6. Bd3 Be7 7. h3 O-O 8. O-O
c5 9. c3 c4 10. Bc2 Bd6 11. Ne5 Nc6 12. Ndf3 Qc7 13. Qb1 Ne4 14. Bxe4 dxe4 15.
Nd2 Nxe5 16. dxe5 Bxe5 17. Bxe5 Qxe5 18. Nxc4 Qc5 19. Nd2 f5 20. Nb3 Qe7 21.
Qc2 e5 22. Rad1 Rad8 1/2-1/2

[Event "Pohár mìsta Øíèany 2018"]
[Site "Øíèany"]
[Date "2018.08.30"]
[Round "7.29"]
[White "Horyna, Josef"]
[Black "Skrabanek, Matej"]
[Result "1/2-1/2"]
[WhiteElo "1783"]
[BlackElo "1711"]
[PlyCount "32"]
[EventDate "2018.??.??"]

1. d4 Nf6 2. Nf3 g6 3. g3 Bg7 4. Bg2 O-O 5. O-O d6 6. Nc3 Nbd7 7. e4 e5 8. dxe5
dxe5 9. Bg5 c6 10. Qd2 Qc7 11. Rad1 Nc5 12. Rfe1 Ne6 13. Bxf6 Bxf6 14. Qe3 Nd4
15. Qc1 Nxf3+ 16. Bxf3 Be6 1/2-1/2

[Event "Pohár mìsta Øíèany 2018"]
[Site "Øíèany"]
[Date "2018.08.30"]
[Round "7.30"]
[White "Havel, Jan"]
[Black "Dome, Michal"]
[Result "1-0"]
[WhiteElo "1710"]
[BlackElo "1755"]
[PlyCount "53"]
[EventDate "2018.??.??"]

1. e4 e6 2. d4 d5 3. exd5 exd5 4. Nf3 Nf6 5. Bg5 Be7 6. Bd3 O-O 7. O-O c5 8. c3
Nc6 9. Bc2 cxd4 10. Nxd4 Nxd4 11. Qxd4 Be6 12. Nd2 Re8 13. Nb3 h6 14. Bh4 g5
15. Bg3 Nd7 16. Rfe1 b6 17. Qd3 Nf8 18. Nd4 Bd7 19. Nf5 Bxf5 20. Qxf5 Bc5 21.
Rxe8 Qxe8 22. Qxd5 Rd8 23. Qe4 Qxe4 24. Bxe4 Bd6 25. Rd1 Re8 26. Bc6 Re6 27.
Bxd6 1-0

[Event "Pohár mìsta Øíèany 2018"]
[Site "Øíèany"]
[Date "2018.08.30"]
[Round "7.31"]
[White "Cabart, Pavel"]
[Black "Konvalinka, Vladislav"]
[Result "1-0"]
[WhiteElo "1750"]
[BlackElo "1740"]
[PlyCount "37"]
[EventDate "2018.??.??"]

1. e4 b6 2. d4 Bb7 3. Nc3 e6 4. Nf3 Bb4 5. Bd3 Nf6 6. Qe2 d5 7. e5 Ne4 8. O-O
Nxc3 9. bxc3 Bxc3 10. Rb1 Nc6 11. Be3 Qe7 12. Rb3 Ba5 13. c4 Nb4 14. Bb1 dxc4
15. Qxc4 Ba6 16. Qc1 Bxf1 17. Kxf1 Nd5 18. Qc6+ Qd7 19. Qxa8+ 1-0